000 00441nam a2200169Ia 4500
008 230524s9999 xx 000 0 und d
082 _a515.132
_bACH
100 _aM.Acharya
245 0 _aDiscrete Mathematical Structures Theory and Problems
250 _a1ST
260 _aBBSR
_bAlok Publication
_c2005
300 _a424
500 _aQuantity Number: 25
650 _aMathematics
700 _a" P.K.Patnaik , et.al,,,"
942 _cBK
999 _c8624
_d8624